Crónica de viaje: Chile y la ruta a la felicidad

Saved in:
Bibliographic Details
Main Author: Tironi Barrios, Eugenio (Author)
Format: Book
Language:Spanish
Published: Santiago, Chile Aguilar Chilena 2006
Edition:Segunda edición
Subjects:
Tags: Add Tag
No Tags, Be the first to tag this record!

MARC

LEADER 00000nam a2200000 a 4500
001 UCJ9072
003 CL-VaPUC
005 20240717165316.0
008 070302e20060000CL |||||||||||||||||spa|d
999 |c 324708  |d 324706 
020 |a 9562394697 
040 |c Pontificia Universidad Católica de Valparaíso 
082 0 4 |a 338.983 TIR 2006  |2 21 
100 0 |a Tironi Barrios, Eugenio  |e author  |9 518985 
245 1 0 |a Crónica de viaje:  |b  Chile y la ruta a la felicidad 
250 |a Segunda edición 
260 |a Santiago, Chile  |b Aguilar Chilena  |c 2006 
300 |a 262 páginas 
583 |a last modification  |c 20070302 00:00:00  |k Rodrigo Vera 
650 0 |a Desarrollo económico y social   |z CHILE  |9 256320 
650 0 |a Historia contemporánea  |z CHILE  |9 343224 
650 0 |a Desarrollo cultural  |z CHILE  |9 267526 
650 0 |a Identidad cultural  |z CHILE  |9 319131 
650 0 |a Modelos económicos  |z CHILE  |9 324997 
650 0 |a Política gubernamental  |z CHILE  |9 262286 
650 0 |a Problemas sociales  |z CHILE  |9 258537 
942 |c BK  |2 ddc 
945 |d 20070302 00:00:00  |a cmena 
952 |0 0  |1 0  |2 ddc  |4 0  |6 338_983000000000000_TIR_2006  |7 0  |8 A  |9 405042  |a BIBENE  |b BIBENE  |d 2019-11-22  |i 4321774  |o 338.983 TIR 2006  |p 4321774  |r 2025-01-15  |t 2  |w 2019-11-22  |y BK  |k ICO 
952 |0 0  |1 0  |2 ddc  |4 0  |6 338_983000000000000_TIR_2006  |7 0  |8 A  |9 405043  |a BIBHIS  |b BIBHIS  |d 2019-11-22  |i 4342208  |o 338.983 TIR 2006  |p 4342208  |r 2025-01-20  |t 1  |w 2019-11-22  |y BK  |k HIS